00498nam a2200205Ia 4500003000400000005001700004008004100021020001400062040000700076041000800083082002100091100001700112245005600129260003000185300001600215365001300231650001200244650001500256700002100271OSt20250630100157.0210423s2003 xx 000 0 und d a415939968 cAL aeng a070.1 223bEVEN aEverett Anna aNew media: theories and practices of digitextuality aNew YorkbRoutledgec2003 axxx,274bPB b595cINR aGeneral aMass Media aCaldwell, John T